Terry Goodkind Bibliography - Statistics

General Stats
  • This quiz has been taken 2 times
  • The average score is 19 of 33
Answer Stats
Type Year Name % Correct
Novel 2007 Confessor
100%
Novel 2006 Phantom
100%
Novel 2011 The Omen Machine
100%
Novel 2013 The Third Kingdom
100%
Novel 1994 Wizard's First Rule
100%
Novel 1996 Blood of the Fold
50%
Novel 2005 Chainfire
50%
Novella 2018 Crazy Wanda
50%
Novel 2020 Death's Mistress: Heart of Black Ice, Volume IV
50%
Novel 2018 Death's Mistress: Shroud of Eternity, Volume II
50%
Novel 2018 Death's Mistress: Siege of Stone, Volume III
50%
Novella 1998 Debt of Bones
50%
Novel 2000 Faith of the Fallen
50%
Novella 2019 Hateful Things
50%
Novella 2020 Into Darkness
50%
Novel 2003 Naked Empire
50%
Novel 2016 Nest
50%
Novel 2014 Severed Souls
50%
Novel 1999 Soul of the Fire
50%
Novel 1995 Stone of Tears
50%
Novel 1997 Temple of the Winds
50%
Novella 2021 The Children of D'Hara
50%
Novel 2012 The First Confessor: The Legend of Magda Searus
50%
Novel 2018 The Girl in the Moon
50%
Novel 2009 The Law of Nines
50%
Novel 2002 The Pillars of Creation
50%
Novella 2019 The Scribbly Man
50%
Novella 2019 The Sky People
50%
Novella 2018 Trouble's Child
50%
Novel 2015 Warheart
50%
Novella 2019 Wasteland
50%
Novella 2020 Witch's Oath
50%
Novel 2017 Death's Mistress: Sister of Darkness, Volume I
0%
No matching quizzes found
Score Distribution
Percent of People with Each Score
Percentile by Number Answered
Your Score History
You have not taken this quiz